MARC

LEADER 00000nam0a2200000 4500
001 363139
005 20231102011547.0
035 |a (RuTPU)RU\TPU\retro\20486 
090 |a 363139 
100 |a 20210920d1980 km y0rusy50 ca 
101 0 |a rus 
102 |a RU 
105 |a a z 001zy 
200 1 |a Технико-экономические проблемы безотходного производства в металлургии  |f А. А. Федотов 
210 |a Москва  |c Металлургия  |d 1980 
215 |a 192 с.  |c ил. 
320 |a Библиогр.: с. 187-189 
606 1 |a Безотходная технология в черной металлургии  |2 stltpush  |3 (RuTPU)RU\TPU\subj\21990  |9 46888 
610 1 |a безотходные технологии 
610 1 |a безотходные производства 
610 1 |a технико-экономические обоснования 
610 1 |a побочные продукты 
610 1 |a использование 
610 1 |a материалоемкость 
610 1 |a вторичные ресурсы 
610 1 |a топливо 
610 1 |a энергоресурсы 
610 1 |a экономическая эффективность 
610 1 |a природоохранная деятельность 
675 |a 669.013:628  |v 4 
700 1 |a Федотов  |b А. А.  |g Анатолий Апексеевич 
801 1 |a RU  |b 63413507  |c 20210920 
942 |c BK